000
00330nam a22001457a 4500
008
210429b ||||| |||| 00| 0 eng d
020
_a
2900415249910
041
_a
eng
080
_a
070
082
_a
070
100
_a
39
101
_a
MED
245
_a
A guide to the information millenium
_c
John M. Culkin
942
_2
udc
_c
BK
999
_c
56992
_d
56992